| 000 | 00348cam a22001097a 4500 | ||
|---|---|---|---|
| 008 | 180718b1970 xxu||||| |||| 00| 0 eng d | ||
| 082 | _aK5x54 In2tr | ||
| 100 | _aSaxena, A.P. | ||
| 245 |
_aThe training function identification and implementation _cby A.P. Saxena |
||
| 260 |
_aDelhi _bTraining Division, Ministry of Home Affairs _c1970 |
||
| 300 | _a27p. | ||
| 999 |
_c499968 _d499968 |
||